International Standard ISO 18436-1: condition monitoring and diagnostics of machines. Requirements for qualification and assessment of personnel. Part 1: requirements for qualification and assessment of personnel. Part 1: requirements for assessment bodies and the assessment process

Sparad:
Bibliografiska uppgifter
Materialtyp: Bok
Språk:engelska
Publicerad: Ginebra International Organization for Standardization 2013
Upplaga:2a. ed
Ämnen:
Taggar: Lägg till en tagg
Inga taggar, Lägg till första taggen!

MARC

LEADER 00000cam a2200000 a 4500
001 UCC4371
003 CL-VaPUC
008 180727e20130000sz |||||||||||||||||eng|d
082 0 4 |a 658.3124  |b ISO  |2 21 
245 1 0 |a International Standard ISO 18436-1: condition monitoring and diagnostics of machines. Requirements for qualification and assessment of personnel. Part 1: requirements for qualification and assessment of personnel. Part 1: requirements for assessment bodies and the assessment process 
246 1 0 |a 2. Surveillance et diagnostic d'état des machines. Exigences relatives a la qualification et a l' evaluation du personnel. Partie 1: exigences relatives aux organismes d'évaluation et au mode operatoire d'évaluation 
250 |a 2a. ed 
300 |a 12 p 
942 |c BK 
945 |d 20180727 12:54:00  |a dcastane 
260 |a Ginebra  |b International Organization for Standardization  |c 2013 
500 |a Documento licenciado por el INN para Pontificia Universidad Católica de Valparaíso. Creado 2018-07-09. Licencia solo un usuario. Copia y uso en red prohibidos 
650 7 |a EVALUACION DE PERSONAL  |2 CL-VaPUC  |9 521161 
650 0 |a Recursos humanos   |9 228420 
650 0 |a Capacitación de empleados  |9 257789 
583 |a last modification  |c 20180727 12:54:00  |k Rodrigo Vera 
999 |c 371923  |d 371921 
952 |0 0  |1 0  |3 erb  |4 0  |6 658_312400000000000_ISO_2013  |7 0  |8 A  |9 489129  |a BIBMEC  |b BIBMEC  |i 5482305  |l 1  |o 658.3124 ISO 2013  |p 5482305  |r 2024-01-19  |s 2021-10-12  |w 2019-11-24  |y BK  |z Catalogado en:20180727  |k MEC